Największe miasta w Polsce na literę Ś - Statystyki

Ogólne statystyki
  • Ten quiz został rozwiązany 4 731 razy
  • Średni wynik to 5 z 10
Statystyki odpowiedzi
Rank. Liczba mieszańców Województwo Miasto % Poprawnych
3. 40.888 zachodniopomorskie Świnoujście
75%
1. 56.803 dolnośląskie Świdnica
72%
4. 39.136 lubelskie Świdnik
65%
5. 29.446 wielkopolskie Śrem
61%
7. 23.505 wielkopolskie Środa Wielkopolska
57%
9. 21.685 lubuskie Świebodzin
55%
2. 49.557 śląskie Świętochłowice
53%
6. 25.634 kujawsko-pomorskie Świecie
38%
10. 15.468 zachodniopomorskie Świdwin
30%
8. 22.744 dolnośląskie Świebodzice
18%
Nie znaleziono quizów pasujących do podanych kryteriów
Rozkład punktacji
Procent ludzi z każdym wynikiem
Percentyl według liczby udzielonych odpowiedzi
Twoja historia wyników
Nie rozwiązałeś tego quizu